000 01332ny a22003253n 4500
005 20240305165327.0
006 m u
007 cr cn|||||||||
008 200807r2007 sp |||||s|||||||||||spa d
020 _a9788498490770
035 _a2428
040 _aFlNmELB
_cFlNmELB
_dvlex
050 1 4 _aJC423
_bA285 2007eb
080 _a321.7 080:342.57 650 04
090 _c1219
_d1219
100 1 _aAhedo Gurrutxaga, Igor
245 1 0 _aDemocracia participativa y desarrollo humano
_h[Recurso electrónico]
_cEditado por Igor Ahedo Gurrutxaga, Pedro Ibarra Gèuell
256 _aServicio en línea
260 _aMadrid :
_bDykinson,
_c2007
300 _a7-318 p
506 1 _aContenido solo disponible en los productos indicados
_dvLex Global
_dvLex Global (Academic Edition, excluding Law Schools)
_dvLex Global (U.S. Academic Edition, Law Schools)
_dvLex Global (U.S. Academic Edition, excluding Law Schools)
_dvLex Global (Academic Edition, Law Schools)
650 0 7 _aConstitucional
_2Tesauro vLex
650 0 7 _aDerechos humanos
_2Tesauro vLex
650 0 7 _aDerecho de participación
_2Tesauro vLex
650 0 7 _aParticipación ciudadana
_2Tesauro vLex
700 1 _aIbarra Gèuell, Pedro,
_eed
740 0 _avLex Libros (Servicios en línea)
856 4 0 _uhttps://app.vlex.com/#/sources/2428
942 _cRAA
999 _c159710
_d159710